Social Psychology / Second Edition (Record no. 425)
[ view plain ]
| 000 -LEADER | |
|---|---|
| fixed length control field | 01634cam a22002294a 4500 |
| 005 - ΗΜΕΡΟΜΗΝΙΑ ΚΑΙ ΩΡΑ ΤΕΛΕΥΤΑΙΑΣ ΕΝΗΜΕΡΩΣΗΣ | |
| Πεδίο ελέγχου | 20250605163934.0 |
| 008 - FIXED-LENGTH DATA ELEMENTS--GENERAL INFORMATION | |
| Πεδίο ελέγχου σταθερού μήκους | 250528s ||||||||||||||||||||||||d |
| 035 ## - SYSTEM CONTROL NUMBER | |
| System control number | 14810 |
| 020 ## - ISBN | |
| ISBN | 673999297 |
| 040 ## - ΠΗΓΗ ΚΑΤΑΛΟΓΟΓΡΑΦΗΣΗΣ | |
| Φορέας πρωτότυπης καταλογογράφησης | MC Athens Campus Library |
| Γλώσσα καταλογογράφησης | Ελληνικά, Μοντέρνα (1453-) |
| Modifying agency | MC Athens Campus Library |
| Κανόνες περιγραφικής καταλογογράφησης | AACR2 |
| 245 1# - ΤΙΤΛΟΣ ΚΑΙ ΔΗΛΩΣΗ ΥΠΕΥΘΥΝΟΤΗΤΑΣ | |
| Τίτλος | Social Psychology / Second Edition |
| 250 ## - EDITION STATEMENT | |
| Edition statement | 2nd |
| 260 ## - PUBLICATION, DISTRIBUTION, ETC. | |
| Name of publisher, distributor, etc. | Longman, |
| Date of publication, distribution, etc. | 1997 |
| 300 ## - PHYSICAL DESCRIPTION | |
| Extent | 593 |
| 520 ## - SUMMARY, ETC. | |
| Summary, etc. | Balancing classic research with today's most pertinent studies, Social Psychology tells the story of this exciting science in a way that is both practical and engrossing. Preface, Introduction, Introduction to Social Psychology, Methodology: The Process of Doing Research, Understanding Ourselves at the Social World, Social Cognition: How We Think About the Social World, Social Perception: How We Come to Understand Other People, Self-Understanding: How We Come to Understand Ourselves, Self-Justification and the Need to Maintain Self-Esteem, Social Influence, Attitudes and Attitude Change: Influencing Thoughts and Feelings, Conformity: Influencing Behavior, Group Processes: Influence in Social Groups, Social Interaction, Interpersonal Attraction: From First Impressions to Close Relationships, Prosocial Behavior: Why Do People Help?, Aggression: Why We Hurt Other People, Prejudice: Causes and Cures, Social Psychology in Action, Social Psychology and Health, Social Psychology and the Environment, Social Psychology and the Law, Glossary, References, Credits, Name and Subject Index. |
| 700 1# - ΠΡΟΣΘΕΤΗ ΑΝΑΓΡΑΦΗ--ΦΥΣΙΚΟ ΠΡΟΣΩΠΟ | |
| Personal name | Akert Robin M. |
| 9 (RLIN) | 570 |
| 700 1# - ΠΡΟΣΘΕΤΗ ΑΝΑΓΡΑΦΗ--ΦΥΣΙΚΟ ΠΡΟΣΩΠΟ | |
| Personal name | Aronson Elliot |
| 9 (RLIN) | 257 |
| 700 1# - ΠΡΟΣΘΕΤΗ ΑΝΑΓΡΑΦΗ--ΦΥΣΙΚΟ ΠΡΟΣΩΠΟ | |
| Personal name | Wilson Timothy D |
| 9 (RLIN) | 571 |
| 942 ## - ADDED ENTRY ELEMENTS (KOHA) | |
| Koha item type | Books |
| Τύπος τεκμηρίου | Βιβλιοθήκη | Τρέχουσα τοποθεσία | Barcode | Αριθμός εισαγωγής | Ημερομηνία απόκτησης | Ταξιθετικό σύμβολο | Αριθμός αντιτύπου | Κατάσταση απόσυρσης | Κατάσταση χαμένου | Κατάσταση κατεστραμμένου | Μη δανεισμός | Σύνολο δανεισμών | Σύνολο ανανεώσεων | Ημερομηνία τελευταίας εμφάνισης | Χρονολογία τελευταίου δανεισμού | Η τιμή ισχύει από |
|---|---|---|---|---|---|---|---|---|---|---|---|---|---|---|---|---|
| Books | MC Athens Campus Library | MC Athens Campus Library | 9780000004246 | 508 | 05/06/2025 | 302 ARO | 3 | 1 | 2 | 12/03/2026 | 11/02/2026 | 05/06/2025 |